000 00990nam a22002537a 4500
005 20170124103042.0
010 _a703063
020 _c5.00
035 _a703063
037 _bCen Lib/Ret
040 _aDPL
_bHN
082 _a
_bअयूब
100 _aअयूब 'प्रेमी'
_967482
245 _aये कंगूरे /
_cअयूब 'प्रेमी'
246 _aYe kangoore /
_bby Ayub 'Premi'
260 _aदिल्ली
_bसन्मार्ग प्रकाशन
_c1972
270 _bदिल्ली
_a16, यु. बी. बैंगलो रोड, जवाहर नगर
_e110007
300 _a136पृ.
_c18मी(सजिल्द)
650 _aहिन्दी साहित्य
_967483
650 _aहिन्दी साहित्य -- उपन्यास
_946379
650 _aHindi literature
_967484
650 _aHindi literature -- Fiction
_967485
942 _2ddc
_cHN
_h
_mअयूब
999 _c116628
_d116628